00000000nam##2200000za#4500
0019.627633
003CaOODSP
00520210615105256
007ta
008150406|2007||||xxc|||||     f|0| 0 fre|d
020 |a978-0-662-07417-5
040 |aCaOODSP|bfre
043 |an-cn---
0861 |aH113-26/2007-6F
1101 |aCanada.|bSanté Canada. |bAgence de réglementation de la lutte antiparasitaire.
24510|aSouche QST 713 de Bacillus subtilis : |bSerenade MAX, Serenade ASO, Rhapsody ASO, Serenade Garden Concentrate, Serenade Garden Ready to Use
260 |bSanté Canada. |cLe 22 octobre 2007.
300 |a82p. : |bréférences, tableaux ; |c28 cm.
4901 |aRapport d'évaluation|vERC2007-06
5203 |aLe lecteur trouvera dans ce rapport d’évaluation un résumé des renseignements examinés, les résultats de l’évaluation, la description des conditions nécessaires pour assurer que les risques pour la santé et l’environnement et que la valeur de ces produits antiparasitaires sont acceptables pour les utilisations prévues, et les motifs justifiant la décision d’accorder une homologation conditionnelle (avec un sommaire des renseignements scientifiques requis pour une confirmation).
563 |aPolycopié
590 |a07-48|b2007-11-30
69107|aBactérie|2gcpds
69107|aFongicide|2gcpds
77508|tBacillus subtilis strain QST 713 : |w(CaOODSP)9.618520
7760#|tSouche QST 713 de Bacillus subtilis : |w(CaOODSP)9.595246
830#0|aRapport d'évaluation ;|vERC2007-06|w(CaOODSP)9.513842